00856 a2200205 4500003000500000005001700005010001300022040000900035082001600044100002900060245008300089260004300172300003400215505016200249600002900411650004100440942002500481999001900506952012500525NUST20230126190917.0 a38031274 cNust a903.551,SOL aSolonevich, Ivan9107833 aEscape from Russia in chains /c Ivan Solonevich ; translated by Warren Harrow aWilliams and Norgate ltdbLondonc1938 a350 p.;b frontcportse22 cm aProletariat (Page-15), The Upper Crust (Page-79), The Spartaciad (Page-144), Youth in CAMP (Page-183), Clearance of Life (Page-222), The Escape (Page-278).  aSolonevich, Ivan9107833 aEscape from russia in chains9107834 2ddccBKk903.551,SOL c186196d186196 00102ddc4070aMCSbMCScGENd2016-12-12o903.551,SOLpMCS29042r2016-12-08w2016-12-12yBKzAlmirah No.58, Shelf No.3